000 00727nam a22002297a 4500
003 UA-OsUOA
001 128533
007 ta
008 20180117b un ||||| |||| 00| 0 ukr d
100 _aГільорме Т. В.
700 _aЛень А. В.
090 _a330(477)
_bГ51
942 _cSA
040 _aUA-OsUOA
_bukr
_cUA-OsUOA
_dUA-OsUOA
245 _aОсобливості обліку доходів у бюджетній установі в умовах законодавчих змін
300 _aС. 37-40
955 _a0
041 _aukr
080 _a330(477)
773 0 _w128528
_tЕкономіка. Фінанси. Право.
_dК.
_d2017
_g12
650 7 _a330 Економіка взагалі
_2UDC
999 _c416040
_d416040